[Event "DBMM 2015 (XV.)"]
[Site "München"]
[Date "2015.10.24"]
[Round "5.1"]
[White "Baudrexel, Peter"]
[Black "Blum, Nobert"]
[Result "1/2-1/2"]
[WhiteElo "1841"]
[BlackElo "2027"]
[PlyCount "85"]
[EventDate "2015.10.24"]
[EventType "team-swiss"]
[EventRounds "7"]
[EventCountry "GER"]
[WhiteTeam "ADAC München 2"]
[BlackTeam "SV Spark.Vers. Stuttgart 1"]

1. d4 Nf6 2. Nf3 g6 3. c4 Bg7 4. Nc3 d5 5. e3 c5 6. Be2 cxd4 7. exd4 dxc4 8.
Bxc4 O-O 9. O-O Bg4 10. h3 Bxf3 11. Qxf3 Qxd4 12. Qxb7 Nbd7 13. Bb3 Rab8 14.
Be3 Rxb7 15. Bxd4 Rc8 16. Rfe1 Nc5 17. Bxf6 Nxb3 18. axb3 Bxf6 19. Nd5 Rc2 20.
Nxf6+ exf6 21. Ra6 Kg7 22. Rb1 Rxb3 23. Rxa7 Rcxb2 24. Rxb2 Rxb2 25. Ra4 h5 26.
g3 f5 27. h4 Re2 28. Kg2 Re4 29. Ra6 Rb4 30. Kf3 g5 31. hxg5 Rg4 32. Rf6 Rxg5
33. Ra6 Rg4 34. Rb6 Ra4 35. Rb5 Kg6 36. Rb6+ Kg5 37. Rb7 Ra3+ 38. Kg2 Kg6 39.
Rb4 Rc3 40. Rb6+ Kg7 41. Rb5 Kg6 42. Rb6+ f6 43. Rb4 1/2-1/2

[Event "DBMM 2015 (XV.)"]
[Site "München"]
[Date "2015.10.24"]
[Round "5.3"]
[White "Obermeier, Karlheinz"]
[Black "Lau, Peter"]
[Result "1/2-1/2"]
[WhiteElo "1522"]
[BlackElo "1820"]
[PlyCount "40"]
[EventDate "2015.10.24"]
[EventRounds "7"]
[EventCountry "GER"]
[WhiteTeam "ADAC München 2"]
[BlackTeam "SV Spark.Vers. Stuttgart 1"]

1. d4 f5 2. c4 Nf6 3. Nc3 g6 4. e3 Bg7 5. Nf3 d6 6. a3 O-O 7. Be2 Nc6 8. b4 e5
9. dxe5 Nxe5 10. Qc2 c6 11. Bb2 Qc7 12. O-O Nxf3+ 13. Bxf3 Be6 14. Be2 d5 15.
cxd5 Nxd5 16. Rad1 Rad8 17. Bf3 Nxc3 18. Bxc3 Rxd1 19. Rxd1 Bxc3 20. Qxc3 Rd8
1/2-1/2

[Event "DBMM 2015 (XV.)"]
[Site "München"]
[Date "2015.10.24"]
[Round "5.1"]
[White "Hiltner, Karlpeter Dr"]
[Black "Daurer, Walter"]
[Result "0-1"]
[WhiteElo "1805"]
[BlackElo "2007"]
[PlyCount "50"]
[EventDate "2015.10.24"]
[EventRounds "7"]
[EventCountry "GER"]
[WhiteTeam "Europäisches Patentamt Mü. 4"]
[BlackTeam "Bayerische Landesbank 2"]

1. d4 Nf6 2. c4 g6 3. Nc3 Bg7 4. e4 d6 5. Be2 O-O 6. h3 e5 7. d5 a5 8. Be3 b6
9. a3 a4 10. Nxa4 Nxe4 11. Bd3 Nc5 12. Nxc5 bxc5 13. Rb1 f5 14. Qc1 c6 15. Bg5
Qc7 16. Bd2 Ba6 17. Be2 Bb7 18. dxc6 Nxc6 19. b4 Nd4 20. Bf1 Be4 21. Rb2 Rxa3
22. f3 Bb7 23. Bc3 e4 24. Bxd4 Bxd4 25. Rb1 exf3 0-1

[Event "DBMM 2015 (XV.)"]
[Site "München"]
[Date "2015.10.24"]
[Round "5.2"]
[White "Reichardt, Peter"]
[Black "Achermann, Didier"]
[Result "1-0"]
[WhiteElo "1941"]
[BlackElo "1724"]
[PlyCount "125"]
[EventDate "2015.10.24"]
[EventRounds "7"]
[EventCountry "GER"]
[WhiteTeam "Bayerische Landesbank 2"]
[BlackTeam "Europäisches Patentamt Mü. 4"]

1. e4 c5 2. Nf3 d6 3. Bb5+ Bd7 4. Bxd7+ Qxd7 5. c4 Nf6 6. Nc3 Nc6 7. O-O e6 8.
d4 cxd4 9. Nxd4 Be7 10. b3 O-O 11. Bb2 Rfd8 12. Re1 Qc7 13. Ndb5 Qb6 14. Na4
Qa6 15. Nc7 Qa5 16. Nxa8 Rxa8 17. Bc3 Qc7 18. Qd2 h6 19. Rad1 Rd8 20. Qe3 Ng4
21. Qg3 Nge5 22. h4 Bf6 23. f4 Nd7 24. Bxf6 Nxf6 25. Nc3 a6 26. Qf3 h5 27. Rd2
Ng4 28. Nd1 Qa5 29. Qc3 Qc5+ 30. Nf2 Nf6 31. Qe3 Qa5 32. Red1 Qc7 33. e5 Ne8
34. Ne4 dxe5 35. Rxd8 Nxd8 36. fxe5 Nc6 37. Nd6 Qe7 38. Qg5 f6 39. Qxh5 Nxd6
40. exd6 Qd7 41. Qc5 Kf7 42. Qb6 Ke8 43. b4 e5 44. Qc7 Nd4 45. h5 Qxc7 46. dxc7
Kd7 47. Kf2 Kxc7 48. Rd2 Ne6 49. Kf3 Nd4+ 50. Ke4 Nc6 51. a3 Ne7 52. g4 Kc8 53.
g5 fxg5 54. Kxe5 g4 55. Ke6 Ng8 56. Kf7 Nf6 57. Kg6 Kc7 58. Rh2 Ne8 59. Rh4 Nf6
60. Kxg7 g3 61. Kxf6 g2 62. Rg4 g1=Q 63. Rxg1 1-0

[Event "DBMM 2015 (XV.)"]
[Site "München"]
[Date "2015.10.24"]
[Round "5.1"]
[White "Schmidt, Konrad"]
[Black "Hähnle, Bernd"]
[Result "1-0"]
[WhiteElo "1801"]
[BlackElo "1959"]
[PlyCount "91"]
[EventDate "2015.10.24"]
[EventRounds "7"]
[EventCountry "GER"]
[WhiteTeam "SG Deutscher Bundestag Bonn 1"]
[BlackTeam "Kreissparkasse Heilbronn 1"]

1. e4 c6 2. d3 d5 3. Nd2 dxe4 4. dxe4 Nf6 5. Ngf3 Bg4 6. Be2 Nbd7 7. O-O Qc7 8.
Nd4 h5 9. f3 Qb6 10. Nc4 Qc7 11. fxg4 hxg4 12. g3 b5 13. Ne3 e6 14. Nxg4 O-O-O
15. Qe1 Bc5 16. Be3 Nxg4 17. Bxg4 Nf6 18. Bxe6+ Kb7 19. Nb3 Bd6 20. Bf5 g6 21.
Bxg6 Be5 22. Bf5 Rdg8 23. Qa5 Qb8 24. Nc5+ Ka8 25. Na6 Qb7 26. Rf2 Bxg3 27.
hxg3 Rxg3+ 28. Rg2 Rxe3 29. Rd1 Qe7 30. Nb4 Nxe4 31. Nxc6 Re1+ 32. Rxe1 Qc5+
33. Kf1 Rh1+ 34. Ke2 Qxc2+ 35. Kf3 Qd3+ 36. Kf4 Rh4+ 37. Bg4 Qd6+ 38. Ne5 f5
39. Rxe4 fxg4 40. Rxg4 Qf6+ 41. Kg3 Rxg4+ 42. Nxg4 Qd6+ 43. Kg2 Qc6 44. Qd8+
Kb7 45. Qe7+ Kb8 46. Qe8+ 1-0

[Event "DBMM 2015 (XV.)"]
[Site "München"]
[Date "2015.10.24"]
[Round "5.2"]
[White "Kern, Hans-Joachim"]
[Black "Stark, Rainer"]
[Result "1/2-1/2"]
[WhiteElo "1719"]
[BlackElo "2090"]
[PlyCount "82"]
[EventDate "2015.10.24"]
[EventRounds "7"]
[EventCountry "GER"]
[WhiteTeam "Kreissparkasse Heilbronn 1"]
[BlackTeam "SG Deutscher Bundestag Bonn 1"]

1. d4 Nf6 2. Bg5 d5 3. Nf3 e6 4. Nbd2 Be7 5. e3 O-O 6. Bd3 b6 7. c3 Ba6 8. c4
dxc4 9. Bxf6 cxd3 10. Bxe7 Qxe7 11. O-O c5 12. b3 Nd7 13. Re1 e5 14. dxe5 Nxe5
15. Nxe5 Qxe5 16. Nc4 Qd5 17. Rc1 b5 18. Nd2 Rac8 19. e4 Qd7 20. Re3 c4 21.
bxc4 bxc4 22. Rc3 Rfd8 23. h3 Qd4 24. Qc1 g6 25. Qa3 Bb5 26. Re1 Ba4 27. e5 Bb3
28. Qb2 Bxa2 29. Re4 Qb6 30. Qxa2 Qb4 31. Qa1 a5 32. Qc1 Qb5 33. Nf3 Qd5 34.
Nd2 a4 35. Kf1 Ra8 36. f3 Rdc8 37. Qa3 Re8 38. Rcxc4 Rxe5 39. Rxe5 Qxe5 40.
Qxd3 a3 41. Rc1 a2 1/2-1/2

[Event "DBMM 2015 (XV.)"]
[Site "München"]
[Date "2015.10.24"]
[Round "5.3"]
[White "Stamer, Martin"]
[Black "Metzger, Kai"]
[Result "0-1"]
[WhiteElo "1900"]
[BlackElo "1559"]
[PlyCount "104"]
[EventDate "2015.10.24"]
[EventRounds "7"]
[EventCountry "GER"]
[WhiteTeam "SG Deutscher Bundestag Bonn 1"]
[BlackTeam "Kreissparkasse Heilbronn 1"]

1. e4 e5 2. Nf3 Nc6 3. Bb5 d6 4. d4 exd4 5. Nxd4 Bd7 6. Nxc6 Bxc6 7. Bxc6+ bxc6
8. O-O g6 9. Qd4 Qf6 10. Qa4 Ne7 11. c3 Bg7 12. Be3 O-O 13. Bd4 Qg5 14. f4 Qb5
15. Qc2 c5 16. Bxg7 Kxg7 17. c4 Qb4 18. a3 Qb6 19. Nc3 Rab8 20. Ra2 Qb3 21.
Qxb3 Rxb3 22. Nb5 Rb8 23. Rf2 Re3 24. Nc3 Re1+ 25. Rf1 Rxf1+ 26. Kxf1 Nc6 27.
Nb5 Rb7 28. Nc3 Na5 29. Ke2 Nxc4 30. Nd1 c6 31. Kd3 d5 32. e5 Na5 33. Nc3 d4
34. Na4 Rb3+ 35. Kd2 c4 36. Nc5 Re3 37. Kd1 Nb3 38. Nxb3 Rxb3 39. Kd2 f6 40. e6
f5 41. Kc2 Re3 42. Kd2 Rxe6 43. Ra1 d3 44. Re1 Rxe1 45. Kxe1 a5 46. a4 c5 47.
Kd2 Kf6 48. b3 cxb3 49. Kxd3 c4+ 50. Kc3 g5 51. fxg5+ Kxg5 52. g3 Kg4 0-1

[Event "DBMM 2015 (XV.)"]
[Site "München"]
[Date "2015.10.24"]
[Round "5.1"]
[White "Eggenstein, Frank"]
[Black "Ungerer, Markus"]
[Result "0-1"]
[WhiteElo "2013"]
[BlackElo "2131"]
[PlyCount "74"]
[EventDate "2015.10.24"]
[EventRounds "7"]
[EventCountry "GER"]
[WhiteTeam "RWE Essen 1"]
[BlackTeam "Wüstenrot & Württembergische 1"]

1. e4 e5 2. Nf3 Nc6 3. d4 exd4 4. Nxd4 d6 5. Nc3 Nf6 6. Be2 Be7 7. Be3 O-O 8.
f4 Bd7 9. g4 Nxd4 10. Bxd4 c5 11. Bf2 Bc6 12. Bf3 Ne8 13. Qd2 b5 14. O-O Nc7
15. Rfd1 b4 16. Ne2 Ne6 17. Ng3 Qc7 18. Be3 Rfd8 19. g5 Qb7 20. h4 Bf8 21. Qg2
g6 22. f5 Nc7 23. f6 Re8 24. Bf4 Rad8 25. Rd2 Ne6 26. Be3 c4 27. c3 Nc5 28. Rd4
bxc3 29. bxc3 Nxe4 30. Nxe4 d5 31. Rdd1 dxe4 32. Be2 Rd3 33. Rab1 Qc7 34. Bxd3
exd3 35. Qf2 Qe5 36. Re1 Qe4 37. Qh2 d2 0-1

[Event "DBMM 2015 (XV.)"]
[Site "München"]
[Date "2015.10.24"]
[Round "5.2"]
[White "Peck, Malcolm"]
[Black "Broksch, Dirk"]
[Result "0-1"]
[WhiteElo "1677"]
[BlackElo "1917"]
[PlyCount "138"]
[EventDate "2015.10.24"]
[EventRounds "7"]
[EventCountry "GER"]
[WhiteTeam "Wüstenrot & Württembergische 1"]
[BlackTeam "RWE Essen 1"]

1. d4 Nf6 2. c4 e6 3. Bg5 Be7 4. Nc3 O-O 5. e4 Nxe4 6. Bxe7 Nxc3 7. Bxd8 Nxd1
8. Be7 Nxb2 9. Bxf8 Kxf8 10. Rb1 Na4 11. Bd3 Nb6 12. Nf3 h6 13. g4 Nc6 14. a3
d5 15. c5 Nd7 16. Bb5 Ndb8 17. Rg1 Ne7 18. h4 g6 19. Ne5 f6 20. Nd3 Nbc6 21.
Bxc6 Nxc6 22. f4 Nxd4 23. Kf2 b6 24. Rge1 Nc2 25. Rec1 Nxa3 26. cxb6 Nxb1 27.
b7 Bxb7 28. Rxb1 Bc6 29. g5 hxg5 30. hxg5 fxg5 31. Rc1 Bb5 32. Ne5 gxf4 33.
Rxc7 Be8 34. Kf3 a5 35. Nd3 a4 36. Nxf4 Bf7 37. Nd3 a3 38. Rc1 a2 39. Ra1 Ke7
40. Nb4 e5 41. Ke2 Ra4 42. Nd3 Kd6 43. Kd2 Be6 44. Kc3 Bf5 45. Nc1 Bb1 46. Nxa2
Bxa2 47. Rg1 d4+ 48. Kc2 Bf7 49. Rg4 Ra3 50. Kc1 Ra2 51. Rg3 Ke6 52. Rd3 Be8
53. Rg3 Kd5 54. Rg5 Ke4 55. Rg4+ Kd3 56. Rg3+ Kc4 57. Rg4 Rf2 58. Kd1 Rf4 59.
Rg2 e4 60. Ra2 e3 61. Ke1 Bd7 62. Rc2+ Kd3 63. Rb2 Bh3 64. Rb3+ Ke4 65. Rb4 g5
66. Ke2 g4 67. Rb3 g3 68. Ke1 g2 69. Ke2 Rf2+ 0-1

[Event "DBMM 2015 (XV.)"]
[Site "München"]
[Date "2015.10.24"]
[Round "5.4"]
[White "Nitsch, Norbert"]
[Black "Hielscher, Klaus-Peter"]
[Result "0-1"]
[WhiteElo "1764"]
[BlackElo "1727"]
[PlyCount "48"]
[EventDate "2015.10.24"]
[EventRounds "7"]
[EventCountry "GER"]
[WhiteTeam "Wüstenrot & Württembergische 1"]
[BlackTeam "RWE Essen 1"]

1. c4 Nf6 2. Nc3 g6 3. b3 Bg7 4. Bb2 c5 5. Ne4 b6 6. Nxf6+ Bxf6 7. Bxf6 exf6 8.
d4 O-O 9. d5 Re8 10. e3 f5 11. Nf3 f4 12. Qd2 Qe7 13. Ke2 d6 14. g3 fxe3 15.
fxe3 Nd7 16. Re1 Nf6 17. Kd1 Ne4 18. Qb2 a6 19. a4 Bg4 20. Bg2 b5 21. axb5 axb5
22. cxb5 Ra5 23. h3 Bd7 24. g4 Rea8 0-1

[Event "DBMM 2015 (XV.)"]
[Site "München"]
[Date "2015.10.24"]
[Round "5.1"]
[White "Bender, Gerhard Dr"]
[Black "Schröder, Kai Uwe"]
[Result "1/2-1/2"]
[WhiteElo "2017"]
[BlackElo "1858"]
[PlyCount "28"]
[EventDate "2015.10.24"]
[EventRounds "7"]
[EventCountry "GER"]
[WhiteTeam "Deutsches Patent- und Markenamt"]
[BlackTeam "Transit Hühnerposten Hamburg 2"]

1. e4 e6 2. d3 d5 3. Nd2 Nf6 4. Ngf3 c5 5. Be2 Nc6 6. c3 Be7 7. O-O O-O 8. a3
b6 9. b4 Qc7 10. b5 Na5 11. e5 Nd7 12. d4 c4 13. Ne1 f6 14. f4 fxe5 1/2-1/2

[Event "DBMM 2015 (XV.)"]
[Site "München"]
[Date "2015.10.24"]
[Round "5.2"]
[White "Figger, Udo"]
[Black "Junker, Carsten"]
[Result "1/2-1/2"]
[WhiteElo "1906"]
[BlackElo "1700"]
[PlyCount "80"]
[EventDate "2015.10.24"]
[EventRounds "7"]
[EventCountry "GER"]
[WhiteTeam "Transit Hühnerposten Hamburg 2"]
[BlackTeam "Deutsches Patent- und Markenamt"]

1. Nc3 d5 2. e4 dxe4 3. Nxe4 Nf6 4. Qf3 Qd4 5. Bd3 Nc6 6. Ne2 Qb6 7. Nxf6+ exf6
8. Qe3+ Be6 9. Qxb6 cxb6 10. Bb5 O-O-O 11. Bxc6 bxc6 12. O-O Bc4 13. d3 Ba6 14.
Be3 Be7 15. a4 Rhe8 16. Ng3 Bc5 17. a5 Bxe3 18. fxe3 b5 19. Ne4 Bb7 20. b4 c5
21. Nxc5 Rxe3 22. Rae1 Rde8 23. Rxe3 Rxe3 24. Kf2 Re7 25. g3 Bd5 26. Re1 Rxe1
27. Kxe1 Kc7 28. Kd2 f5 29. Ke3 g5 30. Kd4 Kd6 31. c4 bxc4 32. dxc4 Ba8 33. b5
f4 34. Ne4+ Bxe4 35. Kxe4 fxg3 36. hxg3 h5 37. Kf3 f5 38. b6 axb6 39. axb6 Kc6
40. c5 Kb7 1/2-1/2

[Event "DBMM 2015 (XV.)"]
[Site "München"]
[Date "2015.10.24"]
[Round "5.3"]
[White "Richter, Otto"]
[Black "Basteck, Reiner"]
[Result "1-0"]
[WhiteElo "1800"]
[BlackElo "1648"]
[PlyCount "103"]
[EventDate "2015.10.24"]
[EventRounds "7"]
[EventCountry "GER"]
[WhiteTeam "Deutsches Patent- und Markenamt"]
[BlackTeam "Transit Hühnerposten Hamburg 2"]

1. d4 d5 2. c4 c6 3. e3 Nf6 4. Nc3 e6 5. Nf3 Bb4 6. Bd2 Nbd7 7. Bd3 dxc4 8.
Bxc4 Nd5 9. Qc2 O-O 10. O-O Be7 11. e4 Nxc3 12. Bxc3 h6 13. a3 Qb6 14. Rfe1 Re8
15. Rad1 Qc7 16. Ba2 Nf6 17. Bb1 g6 18. Bd2 Kg7 19. Qc1 Rh8 20. Bf4 Qb6 21. Be5
Kh7 22. Qf4 Kg7 23. b4 Rh7 24. Bc7 Qa6 25. Re3 Nh5 26. Qe5+ f6 27. Qa5 Qxa5 28.
bxa5 Kf7 29. g4 Ng7 30. h3 h5 31. g5 Ne8 32. gxf6 Bxf6 33. Bf4 Rh8 34. h4 Rg8
35. Bg5 Kg7 36. e5 Bxg5 37. hxg5 Nc7 38. Nh4 Kh7 39. Rf3 Rg7 40. Rf6 Nd5 41.
Rxg6 Rxg6 42. Bxg6+ Kg7 43. Bxh5 Nf4 44. Bg4 b6 45. Rc1 Bd7 46. Rc3 bxa5 47.
Rb3 Ng6 48. Ng2 Bc8 49. f4 Nf8 50. Kf2 Ba6 51. Bf3 Bb5 52. Rxb5 1-0

[Event "DBMM 2015 (XV.)"]
[Site "München"]
[Date "2015.10.24"]
[Round "5.1"]
[White "Piotrowski, Roger"]
[Black "Quast, Michael"]
[Result "0-1"]
[WhiteElo "1734"]
[BlackElo "1760"]
[PlyCount "53"]
[EventDate "2015.10.24"]
[EventRounds "7"]
[EventCountry "GER"]
[WhiteTeam "Telestern Berlin 1"]
[BlackTeam "Bezirksamt Berlin Tempelhof 2"]

1. d4 b6 2. e4 Bb7 3. Nc3 e6 4. a3 Nf6 5. f3 Be7 6. Be3 d6 7. Bd3 Nbd7 8. Nge2
h6 9. O-O Nh7 10. f4 Ndf6 11. Ng3 Qd7 12. b4 h5 13. Nxh5 Nxh5 14. Qxh5 O-O-O
15. Qe2 Kb8 16. Ba6 Ba8 17. d5 Bf6 18. Bb5 Qe7 19. Qd2 Bxc3 20. Qxc3 exd5 21.
exd5 Nf6 22. Rae1 Ne4 23. Qd3 f5 24. Rf3 Qh4 25. h3 Qxe1+ 26. Rf1 Qc3 27. Qe2
0-1

[Event "DBMM 2015 (XV.)"]
[Site "München"]
[Date "2015.10.24"]
[Round "5.2"]
[White "Frahm, Werner"]
[Black "Norris, Ray"]
[Result "1-0"]
[WhiteElo "1570"]
[BlackElo "1725"]
[PlyCount "61"]
[EventDate "2015.10.24"]
[EventRounds "7"]
[EventCountry "GER"]
[WhiteTeam "Bezirksamt Berlin Tempelhof 2"]
[BlackTeam "Telestern Berlin 1"]

1. b3 e5 2. Bb2 Nc6 3. e4 Nf6 4. d3 Bc5 5. h3 O-O 6. Nf3 Re8 7. Nbd2 d6 8. Be2
h6 9. a3 a6 10. Rc1 b5 11. b4 Bb6 12. c4 Bb7 13. O-O Qe7 14. Nb3 bxc4 15. Rxc4
d5 16. exd5 Nxd5 17. Nc5 Bxc5 18. bxc5 Rad8 19. Re1 Qe6 20. Bf1 f6 21. Qb1 Qc8
22. d4 exd4 23. Rxe8+ Rxe8 24. Nxd4 Ne5 25. Rc1 c6 26. Bc4 Nxc4 27. Rxc4 Qc7
28. Nf5 Qa5 29. Bc3 Nxc3 30. Qxb7 Ne2+ 31. Kh2 1-0

[Event "DBMM 2015 (XV.)"]
[Site "München"]
[Date "2015.10.24"]
[Round "5.3"]
[White "Kleinwächter, Manfred"]
[Black "Wolf, Wilfried"]
[Result "1/2-1/2"]
[WhiteElo "1533"]
[BlackElo "1526"]
[PlyCount "44"]
[EventDate "2015.10.24"]
[EventRounds "7"]
[EventCountry "GER"]
[WhiteTeam "Telestern Berlin 1"]
[BlackTeam "Bezirksamt Berlin Tempelhof 2"]

1. e4 e5 2. Nf3 Nc6 3. Bb5 d6 4. d4 exd4 5. Qxd4 Bd7 6. Bxc6 Bxc6 7. Bg5 f6 8.
Bf4 Ne7 9. Nc3 Ng6 10. Be3 Ne5 11. Nxe5 fxe5 12. Qc4 Qd7 13. O-O-O Be7 14. Rhf1
Rf8 15. f3 Bf6 16. Nd5 Bd8 17. Rf2 Bb5 18. Qb3 a5 19. Nc3 Bc6 20. a4 Qf7 21.
Qxf7+ Rxf7 22. b3 b6 1/2-1/2

[Event "DBMM 2015 (XV.)"]
[Site "München"]
[Date "2015.10.24"]
[Round "5.4"]
[White "Warnest, Stefan"]
[Black "Fischer, Elmar"]
[Result "0-1"]
[WhiteElo "1507"]
[BlackElo "1625"]
[PlyCount "114"]
[EventDate "2015.10.24"]
[EventRounds "7"]
[EventCountry "GER"]
[WhiteTeam "Bezirksamt Berlin Tempelhof 2"]
[BlackTeam "Telestern Berlin 1"]

1. e4 e5 2. Nf3 Nc6 3. Bb5 Nf6 4. O-O Bc5 5. c3 a6 6. Bxc6 dxc6 7. d4 exd4 8.
e5 Nd5 9. cxd4 Ba7 10. Re1 h6 11. Nc3 O-O 12. Nxd5 cxd5 13. b4 Bg4 14. Be3 c6
15. h3 Bh5 16. g4 Bg6 17. Nh2 Qh4 18. Qf3 Be4 19. Qg3 Qxg3+ 20. fxg3 f6 21. a3
fxe5 22. dxe5 Bb8 23. Bd4 Bc7 24. Rf1 Rae8 25. Rxf8+ Rxf8 26. Bc5 Re8 27. Bd6
Bb6+ 28. Kf1 Bd4 29. Ra2 Bxe5 30. Bxe5 Rxe5 31. Kf2 Re7 32. Re2 Kf8 33. Ke1 Ke8
34. Kd2 Rf7 35. Kc3 Kd7 36. Kd4 Kd6 37. a4 b6 38. h4 c5+ 39. bxc5+ bxc5+ 40.
Ke3 c4 41. Rb2 Kc6 42. Kd4 Rb7 43. Rxb7 Kxb7 44. Kc3 Kb6 45. Kb4 a5+ 46. Kc3
Kc5 47. Nf1 d4+ 48. Kb2 Kb4 49. g5 hxg5 50. hxg5 Kxa4 51. g4 Kb4 52. Ng3 c3+
53. Kc1 Bf3 54. Nf5 Kc4 55. Nxg7 d3 56. Nf5 d2+ 57. Kc2 d1=Q# 0-1

[Event "DBMM 2015 (XV.)"]
[Site "München"]
[Date "2015.10.23"]
[Round "6.1"]
[White "FM Hoffmann, Hendrik"]
[Black "GM Nikolic, Predrag"]
[Result "1/2-1/2"]
[WhiteElo "2198"]
[BlackElo "2603"]
[PlyCount "156"]
[EventDate "2015.10.24"]
[EventCountry "GER"]
[WhiteTeam "le-tex Publishing Services L. 1"]
[BlackTeam "Europäisches Patentamt Mü. 1"]

1. e4 e6 2. d4 d5 3. Nc3 Bb4 4. exd5 exd5 5. Bd3 Ne7 6. Nge2 Bf5 7. O-O O-O 8.
Ng3 Bxd3 9. Qxd3 c6 10. Nce2 Nd7 11. c3 Bd6 12. Bf4 Nf6 13. Bg5 Ne8 14. Nf5 f6
15. Bf4 Nxf5 16. Qxf5 Rf7 17. Rfe1 Qd7 18. Qxd7 Rxd7 19. Bxd6 Nxd6 20. Nf4 Kf7
21. Re2 Re8 22. Rae1 Re4 23. Nd3 Rde7 24. Kf1 h5 25. f3 Rxe2 26. Rxe2 g5 27.
Rxe7+ Kxe7 28. Ke2 Nf5 29. Nb4 Ke6 30. Nc2 b6 31. Ne3 Nh6 32. b3 f5 33. Nc2 a5
34. Ne1 f4 35. Nd3 Nf5 36. a4 h4 37. Nb2 Kd6 38. Nd3 c5 39. dxc5+ bxc5 40. Nf2
Ne3 41. Nh3 c4 42. bxc4 Nxc4 43. Kd3 Ke5 44. Nxg5 Nb2+ 45. Kc2 Nxa4 46. Nf7+
Kf6 47. Nd6 Nb6 48. Kb3 Ke5 49. Nf7+ Ke6 50. Nd8+ Kf6 51. Nc6 Nc4 52. Ka4 Ke6
53. Nxa5 Ne3 54. Kb5 Nxg2 55. Nb3 Ne3 56. Nd2 Kd6 57. Kb6 Nd1 58. Nb1 Nb2 59.
Kb5 Nc4 60. Kb4 Kc6 61. Kb3 Ne3 62. Nd2 Kb5 63. Kb2 Ka4 64. Nb3 Nf1 65. h3 Ne3
66. Nc5+ Kb5 67. Ne6 Ng2 68. Kb3 Kc6 69. Kb4 Kd6 70. Nd4 Ne3 71. Kb5 Nd1 72.
Nf5+ Ke5 73. Nxh4 Nxc3+ 74. Kb4 Ne2 75. Kc5 Ng1 76. Ng6+ Kf5 77. Nxf4 Kxf4 78.
Kxd5 Nxh3 1/2-1/2

[Event "DBMM 2015 (XV.)"]
[Site "München"]
[Date "2015.10.23"]
[Round "6.2"]
[White "Moufang, Rainer"]
[Black "Heinrich, Thomas"]
[Result "1-0"]
[WhiteElo "2304"]
[BlackElo "2215"]
[PlyCount "39"]
[EventDate "2015.10.24"]
[EventCountry "GER"]
[WhiteTeam "Europäisches Patentamt Mü. 1"]
[BlackTeam "le-tex Publishing Services L. 1"]

1. d4 Nf6 2. Bg5 c5 3. Nc3 cxd4 4. Qxd4 Nc6 5. Qh4 d6 6. e4 e6 7. O-O-O a6 8.
f4 Qa5 9. Nf3 h6 10. e5 hxg5 11. Qxh8 dxe5 12. fxg5 Nd5 13. g6 Nxc3 14. gxf7+
Kxf7 15. Ng5+ Kg6 16. Qxf8 Qb4 17. Qf7+ Kxg5 18. Qxg7+ Kh5 19. bxc3 Qf4+ 20.
Rd2 1-0

[Event "DBMM 2015 (XV.)"]
[Site "München"]
[Date "2015.10.23"]
[Round "6.3"]
[White "Rohne, Lars"]
[Black "Maric, Viktor"]
[Result "1/2-1/2"]
[WhiteElo "2145"]
[BlackElo "2285"]
[PlyCount "51"]
[EventDate "2015.10.24"]
[EventCountry "GER"]
[WhiteTeam "le-tex Publishing Services L. 1"]
[BlackTeam "Europäisches Patentamt Mü. 1"]

1. e4 c5 2. Nc3 Nc6 3. Bb5 Nd4 4. Bc4 g6 5. Nf3 Bg7 6. Nxd4 cxd4 7. Qf3 e6 8.
Nb5 Be5 9. c3 dxc3 10. dxc3 a6 11. Nd4 b5 12. Bb3 Bb7 13. Qe2 Qc7 14. Nf3 Bxc3+
15. bxc3 Qxc3+ 16. Qd2 Qxa1 17. O-O Qg7 18. Rd1 f6 19. Qd4 Qe7 20. Ba3 Qg7 21.
Qd6 Bxe4 22. Bxe6 Qe7 23. Bxd7+ Kf8 24. Nd2 Qxd6 25. Bxd6+ Kf7 26. Nxe4 1/2-1/2

[Event "DBMM 2015 (XV.)"]
[Site "München"]
[Date "2015.10.23"]
[Round "6.4"]
[White "Heer, Stephan"]
[Black "Schreiter, Thomas"]
[Result "1-0"]
[WhiteElo "2127"]
[BlackElo "2043"]
[PlyCount "98"]
[EventDate "2015.10.24"]
[EventCountry "GER"]
[WhiteTeam "Europäisches Patentamt Mü. 1"]
[BlackTeam "le-tex Publishing Services L. 1"]

1. Nf3 Nf6 2. g3 d5 3. Bg2 c6 4. d3 Bf5 5. O-O h6 6. Nbd2 e6 7. c4 Nbd7 8. cxd5
exd5 9. e4 dxe4 10. dxe4 Bg4 11. Re1 Ne5 12. Qb3 Nd3 13. Re3 Nc5 14. Qc2 Be7
15. h3 Bh5 16. Nb3 Ne6 17. Bd2 O-O 18. Ne5 Qc7 19. Bc3 Nc5 20. g4 Nxb3 21. Qxb3
Bd6 22. Nd3 Nxg4 23. hxg4 Bxg4 24. e5 Be7 25. Rg3 Be6 26. Qd1 Bh4 27. Re3 Rfd8
28. Qa4 Bg5 29. Rg3 Bf5 30. Nc5 Qe7 31. Ne4 b5 32. Qb4 Qxb4 33. Bxb4 Bxe4 34.
Bxe4 Bf4 35. Bxc6 Bxg3 36. Bxa8 Bxe5 37. Bc6 Bxb2 38. Rb1 Be5 39. Bxb5 Rd4 40.
Bc5 Rg4+ 41. Kf1 a6 42. Bd7 Rc4 43. Bb6 h5 44. Re1 Bd6 45. Re8+ Kh7 46. Ra8 g5
47. Rxa6 g4 48. Be3 Bf4 49. Ra4 Rc7 1-0

[Event "DBMM 2015 (XV.)"]
[Site "München"]
[Date "2015.10.23"]
[Round "6.1"]
[White "FM Schramm, Christian"]
[Black "Gottschalk, Jens"]
[Result "1-0"]
[WhiteElo "2390"]
[BlackElo "2269"]
[PlyCount "61"]
[EventDate "2015.10.24"]
[EventCountry "GER"]
[WhiteTeam "Allianz Global Investors Ffm 1"]
[BlackTeam "R+V Versicherungen Wiesbaden 1"]

1. e4 c5 2. Nf3 Nc6 3. d4 cxd4 4. Nxd4 Nf6 5. Nc3 e6 6. Ndb5 Bb4 7. a3 Bxc3+ 8.
Nxc3 d5 9. exd5 exd5 10. Bd3 O-O 11. O-O d4 12. Ne2 Bg4 13. h3 Bxe2 14. Bxe2
Qd6 15. Bf3 Rfd8 16. Re1 Rac8 17. g3 a5 18. Bg2 Qc5 19. Bd2 Rd7 20. h4 Qf5 21.
Rc1 Ne5 22. Bf4 Nfg4 23. Qe2 f6 24. Bh3 d3 25. cxd3 Rxc1 26. Rxc1 h5 27. Rc8+
Kh7 28. Bxe5 Rxd3 29. Bf4 Rd5 30. Bxg4 hxg4 31. Qc2 1-0

[Event "DBMM 2015 (XV.)"]
[Site "München"]
[Date "2015.10.23"]
[Round "6.2"]
[White "Seidler, Lukas"]
[Black "FM Guth, Thomas"]
[Result "0-1"]
[WhiteElo "2211"]
[BlackElo "2293"]
[PlyCount "118"]
[EventDate "2015.10.24"]
[EventCountry "GER"]
[WhiteTeam "R+V Versicherungen Wiesbaden 1"]
[BlackTeam "Allianz Global Investors Ffm 1"]

1. e4 e6 2. d4 d5 3. Nc3 Bb4 4. e5 Ne7 5. a3 Bxc3+ 6. bxc3 c5 7. Nf3 Nbc6 8. h4
Bd7 9. h5 h6 10. Bd3 Qa5 11. Bd2 c4 12. Be2 f6 13. O-O O-O-O 14. Re1 f5 15. Nh4
Be8 16. g4 g5 17. hxg6 Nxg6 18. Ng2 Nce7 19. gxf5 Nxf5 20. Bg4 Nge7 21. Kh2 Bf7
22. a4 Rdg8 23. Bh3 h5 24. Ne3 Nh4 25. Qe2 Neg6 26. Ng2 Nxg2 27. Bxg2 Qd8 28.
Bh3 Qh4 29. Qe3 Ne7 30. Rg1 Rg4 31. Rg2 Bg6 32. Rag1 Bf5 33. Rg3 Rhg8 34. Be1
Kd7 35. f4 Rxg3 36. Rxg3 Rxg3 37. Qxg3 Qxg3+ 38. Kxg3 Bxc2 39. Kh4 Bxa4 40.
Kxh5 Bc2 41. Bd2 Bf5 42. Bf1 b5 43. Kg5 a5 44. Be2 Bc2 45. Kf6 Bf5 46. Bd1 Nc6
47. Kf7 Nb8 48. Bc1 Kd8 49. Ba3 Na6 50. Be7+ Kc7 51. Bd6+ Kb6 52. Ke7 b4 53.
Ba4 bxc3 54. Kd7 c2 55. Be7 c1=Q 56. Bd8+ Ka7 57. Kc6 Qb2 58. Bb5 Nb8+ 59. Kc5
Qb4# 0-1

[Event "DBMM 2015 (XV.)"]
[Site "München"]
[Date "2015.10.23"]
[Round "6.3"]
[White "FM Wahedi, Ahmad Siar"]
[Black "Werner, Gregor"]
[Result "1-0"]
[WhiteElo "2286"]
[BlackElo "2125"]
[PlyCount "45"]
[EventDate "2015.10.24"]
[EventCountry "GER"]
[WhiteTeam "Allianz Global Investors Ffm 1"]
[BlackTeam "R+V Versicherungen Wiesbaden 1"]

1. e4 d6 2. Nc3 Nf6 3. g3 g6 4. Bg2 Bg7 5. Nge2 O-O 6. O-O e5 7. h3 c6 8. d3 d5
9. f4 exf4 10. e5 Nfd7 11. gxf4 d4 12. Ne4 f6 13. c3 fxe5 14. Qb3+ Kh8 15. Bd2
Na6 16. fxe5 Ndc5 17. Nxc5 Nxc5 18. Qc4 b6 19. Rxf8+ Qxf8 20. Rf1 Qe8 21. cxd4
Ba6 22. Qc3 Bxd3 23. Re1 1-0